000 00636nam a22001817a 4500
999 _c11700
_d11700
003 AR-CdUCM
008 190404b ||||| |||| 00| 0 spa d
040 _aMUNICIPALIDAD PROVINCIAL DEL CUSCO
_cBIBLIOTECA MUNICIPAL DEL CUSCO
082 _210ed.
_a150 /
_bM77 / 1871
100 _aMonlau, Pedro Felipe
_929086
245 _aElementos de psicología /
260 _aMadrid :
_bImp. y estereotipia de M. Rivadeneyra,
_c1871.
300 _a208 páginas ;
_c18 cm.
505 _aContenido: Estética -- Noología --Síntesis de las facultades anímicas.
650 _aPsicología
_91538
942 _2ddc
_cLIBROS
945 _aacv
_d04/04/2019